000 00319nam a22001337a 4500
008 250313b |||||||| |||| 00| 0 eng d
020 _a0199200769
050 _aHD59
_b.C44
100 _aCHENERY, Hollis
245 _aPatterns
260 _aNew York
_bOxford University Press
_c1975
300 _axiv, 234p.
942 _cBK
999 _c2308
_d2308